00388nam a2200145Ia 4500003000500000008004100005020001800046040001900064082000700083100003400090245005000124260004800174300000800222546001200230STCL181203s9999 xx 000 0 und d a9780521120371 aSTCLbENcSTCL 222 aCollins, Harry; Pinch, Trevor 4aThe Golem: what you should know about science bCambridge University PressaNew Delhic2009 a192 aEnglish